000
00336nam a22001457a 4500
008
250423b ||||| |||| 00| 0 eng d
020
_a
0256025002
041
_a
eng
080
_2
1981
_a
33BUT
082
_2
33BUT
_a
33BUT
100
_a
22
101
_a
BIZNES
245
_a
CASE PROBLEMS IN FINANCE
_c
J.KEITH BUTTERS
942
_2
udc
_c
BK
999
_c
60700
_d
60700